| 000 | 00833cam a2200253 a 4500 | ||
|---|---|---|---|
| 001 | 000012972 | ||
| 003 | DO-SdBNP | ||
| 005 | 20251120121743.0 | ||
| 008 | 000720s1999 ck b 000 0 spa | ||
| 020 | _a9589176348 (obra) | ||
| 020 | _a9586831051 | ||
| 040 |
_aDO-SdBNP _bspa _cBNPHU |
||
| 049 | _aBNGR | ||
| 082 |
_a345.861 _bG144d |
||
| 100 | 1 |
_aGaitán Mahecha, Bernardo. _929913 |
|
| 245 | 1 | 0 |
_aDerecho penal general / _cBernardo Gaitán Mahecha. |
| 260 |
_aSanta Fé de Bogotá, (Venezuela) : _bPontificia Universidad Javeriana ; _bFacultad de Ciencias Jurídicas, _c1999. |
||
| 300 |
_a150 p. ; _c23 cm. |
||
| 490 | 0 |
_aProfesores _v27 _aCiencias jurídicas |
|
| 504 | _aIncluye referencias bibliográficas. | ||
| 650 | 0 |
_aDerecho penal _zColombia. _917405 |
|
| 910 | _aCatalogación por copia / LC | ||
| 942 |
_2ddc _cLBS1 |
||
| 999 |
_c12619 _d12619 |
||